| 000 | 00591nam a2200205 i 4500 | ||
|---|---|---|---|
| 001 | bg | ||
| 245 | 0 | 0 |
_aHistoria państwa i prawa Polski : _bzarys wykładu / _cEwa Borkowska-Bagieńska [et al.]. |
| 260 |
_aPoznań : _b"Ars boni et aequi", _c1994. |
||
| 300 |
_a320 s. ; _c24 cm. |
||
| 650 | 9 |
_aPrawo _xhistoria _zPolska |
|
| 655 | _aPodręczniki akademickie | ||
| 700 | 1 | _aBORKOWSKA-BAGIEŃSKA, Ewa. | |
| 020 | _a8390263106 | ||
| 040 | _cBPK | ||
| 041 | 0 | _apl | |
| 080 | _a34(438)(091)(075.8) | ||
| 920 | _a83-902631-0-6 | ||
| 942 | _cKS | ||
| 008 | s pl f |000 0 pol | ||
| 999 |
_c36407 _d36407 |
||
| 856 |
_uhttp://koha.tu.koszalin.pl/cgi-bin/koha/opac-detail.pl?biblionumber=36407 _yKatalog online BPK |
||